Music Quiz

Random Music or Kpop Quiz

EXO Powers and Symbols Quiz Stats

Quiz not verified by Sporcle

Challenge
Share
Tweet
Score 0/12 Timer 05:00
0 Plays Today
% Correct
Lay
97.4%
Luhan
97.4%
Kai
97.1%
Chen
97%
Tao
96.6%
Suho
96.4%
Baekhyun
96.3%
Sehun
96.2%
D.O
96.1%
Xiumin
96%
Kris
95.4%
Chanyeol
94.9%

You're not logged in!

Compare scores with friends on all Sporcle quizzes.
Sign Up with Email
OR
Log In

You Might Also Like...

Show Comments

Extras

Top Quizzes Today


Score Distribution

Your Account Isn't Verified!

In order to create a playlist on Sporcle, you need to verify the email address you used during registration. Go to your Sporcle Settings to finish the process.

Report this User

Report this user for behavior that violates our Community Guidelines.

Details: